000 01105cam a2200325 a 4500
001 13195924
003 mut
005 20240606081009.0
008 030513s2004 at b 000 0 eng
010 _a 2003106853
020 _a0534605346 (student ed.)
020 _a0534605370 (instructor's ed.)
035 _a(DLC) 2003106853
040 _aDLC
_cDLC
_dDLC
050 0 0 _aBJ1012
_b.V45 2004
082 0 0 _a170
_222
245 0 0 _aVice & virtue in everyday life :
_bintroductory readings in ethics /
246 3 _aVice and virtue in everyday life
250 _a6th ed.
260 _aAustralia ; Belmont, CA :
_bWadsworth/Thomson,
_cc2004.
300 _axiii, 668 p. ;
_c24 cm.
504 _aIncludes bibliographical references.
650 0 _aEthics.
650 0 _aSocial ethics.
700 1 _aSommers, Christina Hoff.
700 1 _aSommers, Frederic Tamler,
_d1923-
906 _a7
_bcbc
_corignew
_d3
_eepcn
_f20
_gy-gencatlg
942 _2lcc
_cBK
999 _c6100
_d6100